I passed as a teenager / (Record no. 200468122)

MARC details
000 -LEADER
fixed length control field 01290cam a2200361 i 4500
001 - CONTROL NUMBER
control field 200468122
003 - CONTROL NUMBER IDENTIFIER
control field TR-AnTOB
005 - DATE AND TIME OF LATEST TRANSACTION
control field 20260415141528.0
007 - PHYSICAL DESCRIPTION FIXED FIELD--GENERAL INFORMATION
fixed length control field ta
008 - FIXED-LENGTH DATA ELEMENTS--GENERAL INFORMATION
fixed length control field 260415s1967 nyu 000 0 eng
010 ## - LIBRARY OF CONGRESS CONTROL NUMBER
LC control number 67014966
035 ## - SYSTEM CONTROL NUMBER
System control number (CLU)3191817-ucladb-Voyager
System control number (OCoLC)00260279
Canceled/invalid control number (OCoLC)3051282
System control number (OCoLC)ocm00260279
System control number (EXLNZ-01UCS_NETWORK)9912966366106531
System control number (TR-AnTOB)200468122
040 ## - CATALOGING SOURCE
Original cataloging agency DLC
Language of cataloging eng
Description conventions rda
Transcribing agency WRJ
Modifying agency DLC
-- BTCTA
-- YVO
-- OCLCF
-- OCLCQ
-- OCLCO
-- NZ1
-- OCLCO
-- OCLCL
-- TR-AnTOB
041 0# - LANGUAGE CODE
Language code of text/sound track or separate title İngilizce
050 04 - LIBRARY OF CONGRESS CALL NUMBER
Classification number HQ796
Item number .T6762 1967
090 ## - LOCALLY ASSIGNED LC-TYPE CALL NUMBER (OCLC); LOCAL CALL NUMBER (RLIN)
Classification number (OCLC) (R) ; Classification number, CALL (RLIN) (NR) HQ796
Local cutter number (OCLC) ; Book number/undivided call number, CALL (RLIN) .T6762 1967
100 1# - MAIN ENTRY--PERSONAL NAME
Personal name Tornabene, Lyn
Relator term author
Relator code aut
9 (RLIN) 153670
245 10 - TITLE STATEMENT
Title I passed as a teenager /
Statement of responsibility, etc. by Lyn Tornabene.
264 #1 - PRODUCTION, PUBLICATION, DISTRIBUTION, MANUFACTURE, AND COPYRIGHT NOTICE
Place of production, publication, distribution, manufacture New York :
Name of producer, publisher, distributor, manufacturer Simon and Schuster,
Date of production, publication, distribution, manufacture, or copyright notice [1967]
300 ## - PHYSICAL DESCRIPTION
Extent 253 pages ;
Dimensions 22 cm
336 ## - CONTENT TYPE
Content type term text
Content type code txt
Source rdacontent
337 ## - MEDIA TYPE
Media type term unmediated
Media type code n
Source rdamedia
338 ## - CARRIER TYPE
Carrier type term volume
Carrier type code nc
Source rdacarrier
520 ## - SUMMARY, ETC.
Summary, etc. Personal experiences of a 33-year-old journalist who enrolled in high school as a junior to study the way of life and ideas of young people of today.
650 #0 - SUBJECT ADDED ENTRY--TOPICAL TERM
Topical term or geographic name entry element Adolescence
Authority record control number or standard number http://id.loc.gov/authorities/subjects/sh85000952
9 (RLIN) 76787
942 ## - ADDED ENTRY ELEMENTS (KOHA)
Source of classification or shelving scheme Library of Congress Classification
Koha item type Book
Holdings
Withdrawn status Lost status Source of classification or shelving scheme Damaged status Not for loan Collection code Home library Current library Shelving location Date acquired Source of acquisition Total Checkouts Full call number Barcode Date last seen Copy number Date shelved Koha item type Public note
    Library of Congress Classification Kullanılmış / Used Ödünç Verilemez-Kurumiçi kullanım / Not for loan-For inhouse use Genel Koleksiyon Tıp Fakültesi Medikal Kütüphane Tıp Fakültesi Medikal Kütüphane Genel Koleksiyon / Main Collection 18/03/2026 Bağış / Donation   HQ796 .T6762 1967 TıpFaK TF03088 15/04/2026 1 15/04/2026 Book Donated by Prof. Dr. Şükrü Cin
Devinim Yazılım Eğitim Danışmanlık tarafından Koha'nın orjinal sürümü uyarlanarak geliştirilip kurulmuştur.